[Event "BCF-chTb 1112 (4NCL)"]
[Site "England"]
[Date "2011.11.13"]
[Round "2.5"]
[White "Ferguson, Mark"]
[Black "Arkell, Keith C"]
[Result "1/2-1/2"]
[WhiteElo "2393"]
[BlackElo "2429"]
[PlyCount "44"]
[EventDate "2011.11.12"]
[EventType "team-tourn"]
[EventRounds "7"]
[EventCountry "ENG"]
[SourceTitle "EXT 2013"]
[Source "ChessBase"]
[SourceDate "2012.11.22"]
[SourceVersion "1"]
[SourceVersionDate "2012.11.22"]
[SourceQuality "1"]
[WhiteTeam "Barbican"]
[BlackTeam "Cheddleton"]
[WhiteTeamCountry "ENG"]
[BlackTeamCountry "ENG"]

1. e4 c6 2. d4 d5 3. e5 c5 4. dxc5 e6 5. Nf3 Bxc5 6. Bd3 Nc6 7. 0-0 Nge7 8. Bf4 Ng6 9. Bg3 0-0 10. Nbd2 f5 11. exf6 Qxf6 12. c4 Bb6 13. Qb3 Nce5 14. Nxe5 Nxe5 15. cxd5 Nxd3 16. Qxd3 exd5 17. Qxd5+ Be6 18. Qe4 Rae8 19. Nc4 Bf5 20. Qd5+ Be6 21. Qe4 Bf5 22. Qd5+ Be6 1/2-1/2

[Event "Davos op 9th"]
[Site "Davos"]
[Date "2011.08.09"]
[Round "3"]
[White "Oganessian, Gaguik"]
[Black "Ferguson, Mark"]
[Result "1/2-1/2"]
[WhiteElo "2021"]
[BlackElo "2379"]
[PlyCount "84"]
[EventDate "2011.08.07"]
[EventType "swiss"]
[EventRounds "7"]
[EventCountry "SUI"]
[SourceTitle "CBM 144 Extra"]
[Source "ChessBase"]
[SourceDate "2011.10.28"]
[SourceVersion "1"]
[SourceVersionDate "2011.10.28"]
[SourceQuality "1"]

1. e4 e5 2. Nf3 Nc6 3. d4 exd4 4. Nxd4 Nf6 5. Nc3 Bb4 6. Nxc6 bxc6 7. Bd3 d5 8. exd5 cxd5 9. Qe2+ Be7 10. Bb5+ Bd7 11. Bxd7+ Qxd7 12. Qb5 c6 13. Qa4 0-0 14. 0-0 Rfe8 15. Be3 Rab8 16. Rab1 Rb4 17. Qxa7 Qxa7 18. Bxa7 d4 19. a3 Rc4 20. Ne2 c5 21. b4 Ne4 22. Rfd1 Ra8 23. Bxc5 Nxc5 24. bxc5 Bxc5 25. Rd3 g6 26. g3 Rxa3 27. Rxa3 Bxa3 28. Rd1 Bc5 29. Rd2 Kg7 30. Kg2 Kf6 31. Kf3 Ke5 32. Nf4 Rc3+ 33. Ke2 Bf8 34. Kd1 Bh6 35. Nd3+ Kf5 36. Re2 Ra3 37. Re5+ Kf6 38. Re4 Ra4 39. Nc5 Ra1+ 40. Ke2 Rc1 41. Nd7+ Kg7 42. Rxd4 Rxc2+ 1/2-1/2

[Event "BCF-chT1c 1011 (4NCL) Promotion pool"]
[Site "England"]
[Date "2011.05.02"]
[Round "11.12"]
[White "Ferguson, Mark"]
[Black "Shaw, John"]
[Result "1/2-1/2"]
[WhiteElo "2379"]
[BlackElo "2439"]
[PlyCount "37"]
[EventDate "2010.11.06"]
[EventType "team-tourn"]
[EventRounds "4"]
[EventCountry "ENG"]
[SourceTitle "EXT 2012"]
[Source "ChessBase"]
[SourceDate "2011.11.24"]
[SourceVersion "1"]
[SourceVersionDate "2011.11.24"]
[SourceQuality "1"]
[WhiteTeam "Barbican"]
[BlackTeam "White Rose"]
[WhiteTeamCountry "ENG"]
[BlackTeamCountry "ENG"]

1. e4 d6 2. d4 Nf6 3. Nc3 e5 4. Nf3 Nbd7 5. Bc4 Be7 6. 0-0 0-0 7. Re1 c6 8. a4 b6 9. d5 cxd5 10. Nxd5 Nxd5 11. Bxd5 Rb8 12. b3 Nf6 13. c4 Nxd5 14. Qxd5 a6 15. Ba3 Be6 16. Qd3 Qc7 17. Nd2 Qb7 18. Nf1 b5 19. axb5 1/2-1/2

[Event "BCF-chT1a 1011 (4NCL)"]
[Site "England"]
[Date "2011.03.26"]
[Round "7"]
[White "Van Weersel, Arlette"]
[Black "Ferguson, Mark"]
[Result "1/2-1/2"]
[WhiteElo "2186"]
[BlackElo "2379"]
[PlyCount "87"]
[EventDate "2010.11.06"]
[EventType "team-tourn"]
[EventRounds "7"]
[EventCountry "ENG"]
[SourceTitle "EXT 2012"]
[Source "ChessBase"]
[SourceDate "2011.11.24"]
[SourceVersion "1"]
[SourceVersionDate "2011.11.24"]
[SourceQuality "1"]
[WhiteTeam "Cheddleton"]
[BlackTeam "Barbican"]
[WhiteTeamCountry "ENG"]
[BlackTeamCountry "ENG"]

1. e4 e5 2. Nf3 Nc6 3. Bc4 Bc5 4. c3 Nf6 5. d3 a6 6. Bb3 Ba7 7. Nbd2 0-0 8. h3 d6 9. 0-0 Be6 10. Re1 Bxb3 11. axb3 d5 12. Qe2 Qd7 13. Nf1 h6 14. Ng3 Rad8 15. Nd2 dxe4 16. dxe4 Qd3 17. Kf1 Qxe2+ 18. Kxe2 g6 19. b4 h5 20. Nf3 Bb6 21. Bg5 Kg7 22. Red1 Rfe8 23. Nd2 Ba7 24. Nb3 Rxd1 25. Rxd1 Rd8 26. Ra1 Rd7 27. f3 Nd8 28. Be3 Bxe3 29. Kxe3 Ne6 30. Ne2 h4 31. Ra5 Rd1 32. Rxe5 Rb1 33. Nc5 Nxc5 34. Rxc5 c6 35. Rc4 Rxb2 36. Rd4 g5 37. g3 hxg3 38. Nxg3 Rh2 39. Nf5+ Kg6 40. Rd6 Rxh3 41. Ne7+ Kg7 42. Nf5+ Kg6 43. Ne7+ Kg7 44. Nf5+ 1/2-1/2

[Event "BCF-chT1a 1011 (4NCL)"]
[Site "England"]
[Date "2011.01.16"]
[Round "4.12"]
[White "Anderton, David William"]
[Black "Ferguson, Mark"]
[Result "1/2-1/2"]
[WhiteElo "2208"]
[BlackElo "2379"]
[PlyCount "100"]
[EventDate "2010.11.06"]
[EventType "team-tourn"]
[EventRounds "7"]
[EventCountry "ENG"]
[SourceTitle "EXT 2012"]
[Source "ChessBase"]
[SourceDate "2011.11.24"]
[SourceVersion "1"]
[SourceVersionDate "2011.11.24"]
[SourceQuality "1"]
[WhiteTeam "The ADS"]
[BlackTeam "Barbican"]
[WhiteTeamCountry "ENG"]
[BlackTeamCountry "ENG"]

1. d4 d5 2. c4 c6 3. Nf3 Nf6 4. e3 Bf5 5. Nc3 e6 6. Nh4 Bg6 7. Be2 Nbd7 8. 0-0 Ne4 9. Nxg6 hxg6 10. Nxe4 dxe4 11. f4 f5 12. g3 Be7 13. Qb3 Qc7 14. c5 Nf8 15. Bc4 Qd7 16. a4 Kf7 17. a5 a6 18. Rf2 Nh7 19. Bd2 Nf6 20. Rg2 Rh3 21. Ra4 Nd5 22. Bxd5 exd5 23. Ra1 Rah8 24. Rf1 Ke8 25. Qd1 Kd8 26. Qe2 Kc8 27. Rff2 g5 28. g4 gxf4 29. Rxf4 fxg4 30. Qxg4 Qxg4 31. Rfxg4 Bf6 32. R4g3 Kd7 33. Be1 Ke6 34. Rxh3 Rxh3 35. Bg3 Rh5 36. Rf2 Rf5 37. Rxf5 Kxf5 38. h3 Bd8 39. Be1 Kg5 40. Kg2 Kh5 41. Kh2 Bg5 42. Bf2 Bd8 43. Be1 Bc7+ 44. Kg2 g6 45. Kf1 g5 46. Ke2 g4 47. hxg4+ Kxg4 48. Bd2 Kg3 49. Be1+ Kg2 50. Bd2 Bg3 1/2-1/2

[Event "BCF-chT1b 0910 (4NCL)"]
[Site "England"]
[Date "2010.03.27"]
[Round "7.6"]
[White "James, David J"]
[Black "Ferguson, Mark"]
[Result "0-1"]
[WhiteElo "2110"]
[BlackElo "2393"]
[PlyCount "44"]
[EventDate "2009.10.24"]
[EventType "team-tourn"]
[EventRounds "7"]
[EventCountry "ENG"]
[SourceTitle "EXT 2011"]
[Source "ChessBase"]
[SourceDate "2010.11.26"]
[SourceVersion "1"]
[SourceVersionDate "2010.11.26"]
[SourceQuality "1"]
[WhiteTeam "South Wales Dragons"]
[BlackTeam "Barbican"]
[WhiteTeamCountry "ENG"]
[BlackTeamCountry "ENG"]

1. Nf3 d5 2. d4 Nf6 3. c4 c6 4. Qc2 dxc4 5. Qxc4 g6 6. Bf4 Bg7 7. e3 Qb6 8. Qb3 Be6 9. Qxb6 axb6 10. Nc3 Nd5 11. Nxd5 Bxd5 12. a3 0-0 13. Be2 c5 14. Bxb8 Raxb8 15. Rd1 cxd4 16. exd4 Rbc8 17. Ne5 Rc2 18. Nd7 Rd8 19. Nxb6 Bxg2 20. Rg1 Be4 21. f3 Bf5 22. d5 Bf6 0-1